| 000 | 01477cam a22004217a 4500 | ||
|---|---|---|---|
| 003 | CHAP | ||
| 005 | 20220329133738.0 | ||
| 008 | 971013s1975 r 00010 d | ||
| 010 | _a10246 | ||
| 011 | _a11218 | ||
| 035 | _a10456 | ||
| 040 | _cCHAP | ||
| 090 | _aFolleto 6632 | ||
| 100 | 0 | 0 |
_aChacón Díaz, Graciela. _921695 |
| 245 | 0 | _aCinética, equilibrio y catálisis | |
| 260 |
_aMéxico, D.F. : _bAsociación Nacional de Universidades e Institutos de Enseñanza Superior, _c1975 |
||
| 300 | _a63 p | ||
| 490 | 0 | _aTemas básicos. Química | |
| 500 | _ac.4-5 en bodega | ||
| 590 |
_aBATCH-UPD _b10 _c20130109 _lUCH01 _h2315 |
||
| 590 |
_aBATCH-UPD _b10 _c20130110 _lUCH01 _h0203 |
||
| 590 |
_aBATCH-UPD _b10 _c20130110 _lUCH01 _h1612 |
||
| 590 |
_aBATCH-UPD _b10 _c20130409 _lUCH01 _h1836 |
||
| 590 |
_aBATCH-UPD _b10 _c20130409 _lUCH01 _h2214 |
||
| 590 |
_aBATCH-UPD _b10 _c20130410 _lUCH01 _h1007 |
||
| 590 |
_aBATCH-UPD _b10 _c20130914 _lUCH01 _h0917 |
||
| 590 |
_aCONVERSION _b10 _c20130109 _lUCH01 _h1307 |
||
| 650 | 1 | 4 |
_aCinética. _923328 |
| 650 | 1 | 4 |
_aEquilibrio químico. _937258 |
| 650 | 1 | 4 |
_aQuímica _xReacciones. _993572 |
| 700 | 0 |
_aPérez Amador, Manuel. _989511 |
|
| 830 | 0 |
_aTemas básicos. Química _9112135 |
|
| 901 | _aBK | ||
| 942 | _cFOLL | ||
| 949 |
_aFolleto 6632 _bBC _cFOLL _d-22059 _eTS1 _i10456 _si _t18.00 |
||
| 949 |
_aFolleto 6632 _bBC _cFOLL _d-22061 _eTS2 _fc.2 _i10456 _si _t18.00 |
||
| 949 |
_aFolleto 6632 _bBC _cFOLL _d-22062 _eTS2 _fc.3 _i10456 _si _t18.00 |
||
| 999 |
_c10246 _d10246 |
||